[Event "Lisbon Christmas op"]
[Site "Lisbon"]
[Date "2014.12.28"]
[Round "5"]
[White "Gomez Segade, Pablo"]
[Black "Villacorta Nicolas, David"]
[Result "1/2-1/2"]
[WhiteElo "1907"]
[BlackElo "1677"]
[PlyCount "75"]
[EventDate "2014.12.26"]
[EventType "swiss"]
[EventRounds "9"]
[EventCountry "POR"]
[SourceTitle "EXT 2018"]
[Source "ChessBase"]
[SourceDate "2017.10.13"]
[SourceVersion "1"]
[SourceVersionDate "2017.10.13"]
[SourceQuality "1"]

1. d4 Nf6 2. c4 c5 3. d5 b5 4. cxb5 a6 5. bxa6 g6 6. Nc3 Bxa6 7. Nf3 d6 8. g3 Bg7 9. Bg2 0-0 10. 0-0 Nbd7 11. Rb1 Ng4 12. Qc2 Nge5 13. Rd1 Qa5 14. Nd2 Rfb8 15. Nb3 Qb6 16. Nd2 Qb4 17. a3 Qa5 18. Bf1 Nc4 19. Nce4 Nxd2 20. Bxd2 Qb6 21. b4 cxb4 22. Rxb4 Qd8 23. Rxb8 Rxb8 24. Bb4 Nb6 25. Ba5 Qe8 26. e3 Bxf1 27. Bxb6 Rxb6 28. Rxf1 Qa8 29. Rd1 Qxa3 30. Qc8+ Bf8 31. Ng5 Qb3 32. Rd4 Rb8 33. Qg4 Bg7 34. Rd1 h6 35. Nh3 Ra8 36. Qe2 Qxd1+ 37. Qxd1 Ra1 38. Qxa1 1/2-1/2

[Event "Arteixo Concello U2200 op 15th"]
[Site "Arteixo"]
[Date "2014.07.26"]
[Round "3.4"]
[White "Fernandez Iglesias, Diego"]
[Black "Gomez Segade, Pablo"]
[Result "0-1"]
[WhiteElo "1833"]
[BlackElo "1989"]
[PlyCount "66"]
[EventDate "2014.07.25"]
[EventType "swiss"]
[EventRounds "6"]
[EventCountry "ESP"]
[SourceTitle "EXT 2024"]
[Source "ChessBase"]
[SourceDate "2023.10.10"]
[SourceVersion "1"]
[SourceVersionDate "2023.10.10"]
[SourceQuality "1"]

1. e4 d5 2. exd5 Qxd5 3. Nc3 Qa5 4. d4 Nf6 5. Nf3 c6 6. Ne5 Be6 7. Nc4 Qc7 8. g3 Bxc4 9. Bxc4 e6 10. Qe2 Bd6 11. Bd2 Nbd7 12. 0-0-0 0-0-0 13. f4 g6 14. Kb1 Kb8 15. Bd3 a6 16. Ne4 Nxe4 17. Bxe4 Nf6 18. Bg2 Rhe8 19. c4 c5 20. Bc3 Nd7 21. Qf3 Ka7 22. dxc5 Bxc5 23. b4 Be7 24. c5 Nf6 25. Be5 Qc8 26. c6 Rxd1+ 27. Rxd1 Nd5 28. Rxd5 exd5 29. Qf2+ Ka8 30. c7 f6 31. Bb2 Qxc7 32. Bxd5 Bxb4 33. Bf3 Re1+ 0-1